| 000 | 00469 a2200133 4500 | ||
|---|---|---|---|
| 001 | 87734 | ||
| 082 | _aPR 111 | ||
| 090 |
_c41193 _d41193 |
||
| 100 | _aMaria Shahzad, NUST CDT 81112 73(B) EC | ||
| 245 | _aStudy of Existing spartan 3 FPGA and a step towards its indigenous development phase-I | ||
| 260 |
_aRisalpur _bCAE, PAF Academy Risalpur _c2012 |
||
| 300 |
_aix, 54p. _eShafqat Ul Mulk, Assitant Professor; Tauseef Ur Rehman, Wg Cdr |
||
| 500 | _aBE Project Reports | ||
| 942 |
_aCAE NUST _kPR 111 |
||
| 999 |
_c322807 _d322807 |
||